Missing Word: Shared Actor Names A-Z Quiz Stats

Quiz Updated Jan 7, 2015

Challenge
Share
Tweet
Embed
Score 0/24 Timer 03:00
2 Plays Today
Actor/Actress Missing Name % Correct
Tom _____Arnold
99.5%
Stockard _____Channing
94.5%
Kurt _____Russell
85.8%
Rex _____Harrison
84.4%
Dean _____Martin
84.1%
Clive _____Owen
81.8%
Kevin _____James
76.5%
Elizabeth _____Taylor
72.7%
Jason _____Lee
71.8%
Topher _____Grace
71.7%
Donovan _____Scott
61.9%
Jan-Michael _____Vincent
60.1%
Actor/Actress Missing Name % Correct
Gene _____Kelly
57.6%
James _____Dean
55.3%
Alice _____Eve
42.5%
Aidan _____Quinn
38.5%
Skeet _____Ulrich
33.5%
Robert _____Patrick
32.6%
Oscar _____Isaac
30.6%
James _____Franco
29.7%
Alison _____Brie
23.9%
Thomas Ian _____Nicholas
23%
Billy _____Zane
19.9%
John _____Wayne
16.8%

Today's Daily Dose

Missing Word
NPR Programs

Quick Pick
1991 Events

On This Day
June 18th II

You're not logged in!

Compare scores with friends on all Sporcle quizzes.
Join for Free
OR
Log In

You Might Also Like...

Show Comments

Extras

Top Quizzes Today


Score Distribution

Your Account Isn't Verified!

In order to create a playlist on Sporcle, you need to verify the email address you used during registration. Go to your Sporcle Settings to finish the process.

Report this User

Report this user for behavior that violates our Community Guidelines.

Details: